| 000 | 00375nam a22001217a 4500 | ||
|---|---|---|---|
| 082 | _a220 PRO | ||
| 100 |
_aHARIS,ALTAMASH,USMAN _972154 |
||
| 245 | _aPR-SOF-1120-MODELING AND PARAMETRIC STUDY OF HYDRAULIC MOTOR USED FOR HYDRAULIC HYBRID VEHICLES | ||
| 260 |
_aISLAMABAD _bNUST COLLEGE OF EME _c2011 |
||
| 650 | _a DE-MECH-29 | ||
| 700 |
_aRAJA AMER AZIM _970284 |
||
| 942 | _cCR | ||
| 999 |
_c578316 _d578316 |
||